000 01711nam a22003374i 4500
003 PE-LiUPU
005 20260217092636.0
008 200709s2007 ag a rb 000 0 spa d
020 _a9789875673342
035 _aPE-LiUPU000000
040 _aPE-LiUPU
_bspa
_cPE-LiUPU
_erda
082 0 4 _a248.844
_bH719v
_223
100 1 _aHohnberger, Jim,
_eautor.
_98032
245 1 0 _aVidas fortalecidas :
_bestrategias para construir una relación saludable con Dios, con su cónyuge y con sus hijos /
_cJim Hohnberger.
264 1 _aFlorida, Buenos Aires :
_bAsociación Casa Editora Sudamericana,
_c2007.
300 _a317 páginas ;
_c21 cm
336 _atext
_2rdacontent
337 _aunmediated
_2rdamedia
338 _avolume
_2rdacarrier
500 _aTítulo original en inglés: Empowered Living.
500 _aTraducción de: Empowered Living (Pacific Press Publishing Association, 2002).
504 _aIncluye referencias bibliográficas.
505 0 _aVIDAS FORTALECIDAS -- No incluye baterías -- Cruzar por encima -- Unidos para recibir -- Menos intentos, más logros -- MATRIMONIOS FORTALECIDOS -- Perdido y encontrado -- Encender la llama -- Tiempo en la hamaca -- Quitar las espinas -- FAMILIAS FORTALECIDAS -- Átomos independientes -- Tiempo para ser una familia -- La firma familiar -- Concilios de familia -- Fracasar no es una opción.
650 1 8 _aVida cristiana.
650 1 8 _aMatrimonio cristiano.
650 1 8 _aRelaciones familiares
_xAspectos religiosos
_xCristianismo.
700 1 _aMangold, Ethel D.,
_etraductora.
700 _aOstuni, Pablo D.,
_edirector editorial.
_98033
942 _2ddc
_cBK
980 _618228
_aRebeca Esther Huerta Leyton
_818226
_gJaime Vilcazán Jefe de Análisis Documental
999 _c63271
_d63270